Sanat - "Kuusi kuuta & Saturnuksen renkaat" - Ressu Redford - Statistics

Yleistilastot
  • Tätä visaa on pelattu 118 kertaa
  • Keskiarvotulos 105 / 152
Vastaustilastot
Vastaus % Oikein
kuusi
100%
kuuta
100%
mulle
100%
mun
100%
renkaat
100%
100%
Saturnuksen
100%
taivaalta
100%
Tuo
97%
hullu
92%
muuta
92%
ei
89%
sormeeni
89%
en
87%
mikään
87%
hulluuttani
84%
sen
84%
siksi
84%
sinuun
84%
enkä
82%
liikaa
79%
turvaudun
76%
vaadi
76%
kuin
61%
61%
paa
61%
tää
61%
vielä
61%
tähden
58%
kai
55%
jos
53%
niin
53%
Teetkö
53%
teetkö
53%
ennen
50%
kaikkesi
50%
saa
50%
olla
47%
et
42%
ethän
37%
saanhan
37%
tarvitsen
37%
hei
34%
kiveen
34%
kuole
34%
vuokseni
34%
aikaa
32%
jää
32%
lainaa
32%
pois
32%
rakkauteeni
32%
sulta
32%
luotatko
29%
soimaan
29%
lähden
26%
laulusi
26%
mennä
26%
pitkäksi
26%
ymmärrät
26%
lopu
24%
saanks
24%
sydämeeni
24%
virheeseeni
24%
Jääthän
21%
untani
21%
vartioimaan
21%
maailmani
18%
mut
18%
oot
18%
pyydän
18%
etsitkö
16%
päin
16%
uudelleen
16%
yöksi
13%
katsotko
11%
Ehtoja vastaavia visoja ei löytynyt
Tulosjakauma
Jokaisen tuloksen saaneiden osuus
Persentiili vastausten määrän mukaan
Tuloshistoriasi
Et ole pelannut tätä visaa